01010nam a22002777a 4500003000200000005001700002008000200019010001300021020002200034035002300056037001600079040001500095082001300110100002700123245005600150250001200206260003300218270004100251300002100292650001900313650004100332942002200373999001900395952018700414952013100601020180712105145.00 aA-953286 c50.00a8122500196 aA-953286, A-896194 bCen Lib/Ret aDPLbENc0 a650bAGA aAgarwala, A. N.925136 aBusiness methods and machinery /cby A. N. Agarwala a13th ed bKitab Mahalc1997aAllahabad bAllahabada22-A, Sarojini Naidu Marg a332p. c20cm(Hb) aBusiness98513 aOffice equipment and supplies925137 2ddccENh650mAGA c129022d129022 04104070aLbLd2015-07-04eCen Lib/Retg50.00l0o650 AGApA-953286r2015-07-04 00:00:00t1v50.00w2016-09-15yENzWritten off on approval by DLB (By Circulation); dtd 15-06-2023 00102ddc40708NFICaBL1bBL1d2018-07-12eBPPD/PUBg50.00l0o650 AGApA-896194r2018-07-12 00:00:00v50.00w2018-07-12yEN